सूचना प्रौद्योगिकी के नवीन आयाम (Record no. 61532)

MARC details
000 -LEADER
fixed length control field 00632nam a22001817a 4500
005 - DATE AND TIME OF LATEST TRANSACTION
control field 20120127114632.0
010 ## - LCCN (DPL NO)
LC control number
020 ## - INTERNATIONAL STANDARD BOOK NUMBER
Terms of availability 100.00
International Standard Book Number
035 ## - SYSTEM CONTROL NUMBER
System control number B-112864
037 ## - SOURCE OF ACQUISITION
Source of stock number/acquisition
Stock number dpl
082 ## - DEWEY DECIMAL CLASSIFICATION NUMBER
Classification number 004.65
100 ## - MAIN ENTRY--PERSONAL NAME
Personal name गुप्ता, राजीव
245 1# - TITLE STATEMENT
Title सूचना प्रौद्योगिकी के नवीन आयाम
Statement of responsibility, etc राजीव गुप्ता
260 ## - PUBLICATION, DISTRIBUTION, ETC. (IMPRINT)
Place of publication, distribution, etc नई दिल्ली
Name of publisher, distributor, etc साईबर टेक पब्लि.
Date of publication, distribution, etc 2002
270 ## - ADDRESS
Address
City
Postal code
Telephone number
300 ## - PHYSICAL DESCRIPTION
Extent 152पृ.
Dimensions 24सेमी (जिल्द)
942 ## - ADDED ENTRY ELEMENTS (KOHA)
Institution code [OBSOLETE] dpl
Item type Hindi Books
Call number prefix
Source of classification or shelving scheme Dewey Decimal Classification
Classification part 005
Call number suffix शंकर

No items available.


© Delhi Public Library
Hit Counter
free hit counter